MARC details
| 000 -CABECERA |
| campo de control de longitud fija |
02126nam a22003857a 4500 |
| 003 - IDENTIFICADOR DEL NÚMERO DE CONTROL |
| campo de control |
OSt |
| 005 - FECHA Y HORA DE LA ÚLTIMA TRANSACCIÓN |
| campo de control |
20250414130832.0 |
| 007 - CAMPO FIJO DE DESCRIPCIÓN FÍSICA--INFORMACIÓN GENERAL |
| campo de control de longitud fija |
ta |
| 008 - DATOS DE LONGITUD FIJA--INFORMACIÓN GENERAL |
| campo de control de longitud fija |
210217e2020 dr aoc|| e||| 00| 0 spa d |
| 020 ## - NÚMERO INTERNACIONAL ESTÁNDAR DEL LIBRO |
| Número Internacional Estándar del Libro |
9789945096378 |
| 040 ## - FUENTE DE LA CATALOGACIÓN |
| Centro catalogador/agencia de origen |
DO-SdBNP |
| Lengua de catalogación |
spa |
| Centro/agencia transcriptor |
BNPHU |
| 041 ## - CÓDIGO DE LENGUA |
| Código de lengua original |
spa |
| 082 #4 - NÚMERO DE LA CLASIFICACIÓN DECIMAL DEWEY |
| Número de documento/Ítem |
F634p |
| Número de edición |
22 |
| Número de clasificación |
246.96 |
| 100 1# - ENTRADA PRINCIPAL--NOMBRE DE PERSONA |
| Nombre de persona |
Flores Sasso, Virginia |
| 9 (RLIN) |
77827 |
| 245 13 - MENCIÓN DE TÍTULO |
| Título |
Un pueblo unido por la fe : espacios de devoción = A people united in faith : houses of worship = Un peuple uni par la foi : des espaces de dévotion / |
| Resto del título |
|
| Mención de responsabilidad, etc. |
Virginia Flores Sasso , Esteban Prieto Vicioso ; fotografías Victor Siladi ; trad. al inglés, Amanda Livoti ; trad. al francés, Isabella Martínez Ascanio ; prólogo, Ramón Benito De la Rosa y Carpio , |
| 246 ## - FORMA VARIANTE DE TÍTULO |
| Título propio/Titulo breve |
Un peuple uni par la foi : des espaces de dévotion |
| 246 ## - FORMA VARIANTE DE TÍTULO |
| Título propio/Titulo breve |
A people united in faith : houses of worship |
| 260 ## - PUBLICACIÓN, DISTRIBUCIÓN, ETC. |
| Lugar de publicación, distribución, etc. |
Santo Domingo : |
| Nombre del editor, distribuidor, etc. |
Popular , |
| Fecha de publicación, distribución, etc. |
2020 |
| 300 ## - DESCRIPCIÓN FÍSICA |
| Extensión |
439 p. |
| Otras características físicas |
il. fots., retrs. ; |
| Dimensiones |
30 cm. |
| 500 ## - NOTA GENERAL |
| Nota general |
Texto en español, inglés y francés |
| 504 ## - NOTA DE BIBLIOGRAFÍA, ETC. |
| Nota de bibliografía, etc. |
Bibliografía : p. 424-236 |
| 505 1# - NOTA DE CONTENIDO CON FORMATO |
| Nota de contenido con formato |
Presentación : Banco Popular Dominicano. |
| Título |
Prólogo : Monseñor Ramón Benito De la Rosa y Carpio -- |
| -- |
Agradecimientos -- |
| -- |
Introducción -- |
| -- |
La llegada de la cruz. |
| -- |
Espacios de devoción -- |
| -- |
Catedrales católicas : origen e historia -- |
| -- |
Iglesias católicas -- |
| -- |
Monasterios y conventos. |
| -- |
Otros temas cristianos -- |
| -- |
Traducción al inglés -- |
| -- |
Traducción al francés -- |
| -- |
Notas bibliográficas |
| 590 ## - NOTA LOCAL (RLIN) |
| Nota local |
Inventariado, 2021/MFF |
| 650 #4 - PUNTO DE ACCESO ADICIONAL DE MATERIA--TÉRMINO DE MATERIA |
| Término de materia o nombre geográfico como elemento de entrada |
Arquitectura religiosa |
| 9 (RLIN) |
77951 |
| Subdivisión geográfica |
República Dominicana |
| 650 #4 - PUNTO DE ACCESO ADICIONAL DE MATERIA--TÉRMINO DE MATERIA |
| Término de materia o nombre geográfico como elemento de entrada |
Iglesias católicas |
| Subdivisión geográfica |
República Dominicana |
| 9 (RLIN) |
77952 |
| 650 #0 - PUNTO DE ACCESO ADICIONAL DE MATERIA--TÉRMINO DE MATERIA |
| Término de materia o nombre geográfico como elemento de entrada |
Catedrales |
| Subdivisión general |
Historia |
| 9 (RLIN) |
77954 |
| 650 #4 - PUNTO DE ACCESO ADICIONAL DE MATERIA--TÉRMINO DE MATERIA |
| Término de materia o nombre geográfico como elemento de entrada |
Conventos |
| Subdivisión geográfica |
República Dominicana |
| 9 (RLIN) |
33917 |
| 700 1# - PUNTO DE ACCESO ADICIONAL--NOMBRE DE PERSONA |
| Nombre de persona |
Prieto Vicioso , Esteban |
| 9 (RLIN) |
56663 |
| 700 1# - PUNTO DE ACCESO ADICIONAL--NOMBRE DE PERSONA |
| Nombre de persona |
Siladi , Victor , |
| Término indicativo de función/relación |
fotografías |
| 9 (RLIN) |
77828 |
| 700 1# - PUNTO DE ACCESO ADICIONAL--NOMBRE DE PERSONA |
| Nombre de persona |
Livoli , Amanda , |
| Término indicativo de función/relación |
trad. al inglés |
| 9 (RLIN) |
77829 |
| 700 1# - PUNTO DE ACCESO ADICIONAL--NOMBRE DE PERSONA |
| Nombre de persona |
Martínez Ascanio, Isabella, |
| Término indicativo de función/relación |
trad. al francés |
| 9 (RLIN) |
77830 |
| 700 1# - PUNTO DE ACCESO ADICIONAL--NOMBRE DE PERSONA |
| Nombre de persona |
Rosa y Carpio, Ramón Benito de la, |
| Fechas asociadas al nombre |
1939- |
| Término indicativo de función/relación |
prólogo. |
| 9 (RLIN) |
74159 |
| 910 ## - DATOS DE OPCIÓN DEL USUARIO (OCLC) |
| Datos de opción del usuario |
Validado. Control de calidad MFF |
| 942 ## - ELEMENTOS DE PUNTO DE ACCESO ADICIONAL (KOHA) |
| Fuente del sistema de clasificación o colocación |
Dewey Decimal Classification |
| Tipo de ítem Koha |
Libro |